Субъекты Сибирского региона: опасности природного, техногенного и экологического характера; Экология и промышленность России; № 7

Chi tiết về thư mục
Parent link:Экология и промышленность России: ежемесячный общественный научно-технический журнал.— , 2001-
№ 7.— 2004.— С. 4-8
Tác giả chính: Шахраманьян М. А.
Tác giả khác: Акимов В. А., Козлов К. А.
Ngôn ngữ:Tiếng Nga
Được phát hành: 2004
Loạt:Регионы
Những chủ đề:
Định dạng: Chương của sách
KOHA link:https://koha.lib.tpu.ru/cgi-bin/koha/opac-detail.pl?biblionumber=393897

MARC

LEADER 00000naa2a2200000 4500
001 393897
005 20231101064437.0
035 |a (RuTPU)RU\TPU\prd\30268 
090 |a 393897 
100 |a 20041123a2004 k y0rusy50 ca 
101 0 |a rus 
102 |a RU 
200 1 |a Субъекты Сибирского региона: опасности природного, техногенного и экологического характера  |f М. А. Шахраманьян, В. А. Акимов, К. А. Козлов 
225 1 |a Регионы 
461 1 |0 (RuTPU)RU\TPU\prd\1141  |t Экология и промышленность России  |o ежемесячный общественный научно-технический журнал  |d 2001- 
463 1 |0 (RuTPU)RU\TPU\prd\27094  |t № 7  |v С. 4-8  |d 2004 
610 1 |a Сибирь 
610 1 |a техногенное воздействие 
610 1 |a экология 
610 1 |a Омская область 
610 1 |a Томская область 
610 1 |a Тыва 
610 1 |a Хакасия 
700 1 |a Шахраманьян  |b М. А. 
701 1 |a Акимов  |b В. А. 
701 1 |a Козлов  |b К. А. 
801 1 |a RU  |b 63413507  |c 20041123  |g PSBO 
942 |c BK